000 00582nam a2200193Ia 4500
999 _c15128
_d15128
003 OSt
005 20201116101404.0
008 190216s9999||||xx |||||||||||||| ||und||
020 _a8120722345
040 _coclc
082 _a428.34
_bSUN/T
100 _aSunita, K S
_96582
245 4 _aThe Sterling Book Of English Conversation Practice /
_cK S Sunita ; Annie Pothen ; Sumita Roy
250 _a2nd Ed.
260 _bSterling Publications.
_c2004,
_aNew Delhi:
300 _a123p
650 _aEnglish
942 _cBK
_2ddc
_h428.34
_iSUN/T
_k428.34
_mSUN/T